| 000 | 00336nam a22001217a 4500 | ||
|---|---|---|---|
| 008 | 181129b xxu||||| |||| 00| 0 eng d | ||
| 041 | _aeng | ||
| 080 | _a043.3 | ||
| 100 | _a0 | ||
| 101 | _aBTH-SHKI | ||
| 245 |
_aAdvanced responsive forms and menus in Web Development Extending HTML5, CSS3, JavaScript _cSylajmani, A |
||
| 942 |
_2udc _cBK |
||
| 999 |
_c52678 _d52678 |
||